[Event "ENCI Limburg-open A"]
[Site "Maastricht"]
[Date "2007.05.28"]
[Round "6"]
[White "Korneev, Oleg"]
[Black "Swinkels, Robin"]
[Result "0-1"]
[WhiteElo "2565"]
[BlackElo "2433"]
[PlyCount "80"]
[EventDate "2007.05.25"]
[EventType "swiss"]
[EventRounds "7"]
[EventCountry "NED"]
[Source "P.Boonen"]
[SourceDate "2010.01.01"]

1. e4 c5 2. Nf3 d6 3. d4 cxd4 4. Nxd4 Nf6 5. Nc3 Nc6 6. Bg5 e6 7. Qd2 a6 8.
O-O-O Bd7 9. f3 Be7 10. Be3 h5 11. Kb1 Qc7 12. Bd3 Ne5 13. h3 h4 14. Bg5 b5 15.
f4 Nc4 16. Bxc4 Qxc4 17. e5 b4 18. exf6 gxf6 19. Ne4 fxg5 20. fxg5 e5 21. Qe3
O-O-O 22. Nb3 Bf5 23. Ned2 Qc7 24. Ka1 Rhg8 25. Rc1 Bxg5 26. Qf3 Be6 27. c3 Kb8
28. cxb4 Qb7 29. Rc6 Bd7 30. Na5 Bxc6 31. Nxc6+ Ka8 32. Nb3 e4 33. Qxe4 Rde8
34. Qd5 Re5 35. Qc4 Rc8 36. Nbd4 Be3 37. b5 Bxd4 38. Qxd4 Rxb5 39. a4 Rc5 40.
Nb4 Rc4 0-1

[Event "ENCI Limburg-open A"]
[Site "Maastricht"]
[Date "2007.05.28"]
[Round "6"]
[White "L'Ami, Erwin"]
[Black "Dunn, Alan"]
[Result "1-0"]
[WhiteElo "2617"]
[BlackElo "2164"]
[PlyCount "113"]
[EventDate "2007.05.25"]
[EventType "swiss"]
[EventRounds "7"]
[EventCountry "NED"]
[Source "P.Boonen"]
[SourceDate "2010.01.01"]

1. e4 c5 2. Nf3 d6 3. d4 cxd4 4. Nxd4 Nf6 5. Nc3 a6 6. g3 b5 7. Bg2 e5 8. Nb3
Bb7 9. a4 b4 10. Nd5 Nxd5 11. exd5 a5 12. O-O Be7 13. Bd2 Na6 14. c3 Rb8 15.
cxb4 Nxb4 16. Bxb4 axb4 17. a5 Ba6 18. Re1 O-O 19. Bf1 Bxf1 20. Rxf1 f5 21. Qe2
Qd7 22. Nd2 Bg5 23. Nc4 f4 24. Qh5 Bd8 25. a6 Rf6 26. Rfe1 Qb5 27. b3 fxg3 28.
hxg3 Bb6 29. Nxb6 Qxb6 30. Qe2 Ra8 31. Rec1 Qd4 32. Rd1 Qb6 33. Rd2 Rf7 34. Rc2
Rc7 35. Rxc7 Qxc7 36. Qe3 Qc5 37. Qxc5 dxc5 38. Kf1 h5 39. Ke2 c4 40. bxc4 b3
41. Kd3 b2 42. Rb1 Rxa6 43. Rxb2 Kf7 44. Ke4 Kf6 45. Rb8 Ra4 46. Rb6+ Ke7 47.
Rc6 Ra2 48. Kf3 e4+ 49. Ke3 Kd7 50. c5 Rc2 51. Kxe4 Rxf2 52. Rg6 Re2+ 53. Kd3
Re7 54. c6+ Kc8 55. d6 Re1 56. Kd4 Rd1+ 57. Ke5 1-0

[Event "ENCI Limburg-open A"]
[Site "Maastricht"]
[Date "2007.05.28"]
[Round "6"]
[White "Luch, Michael"]
[Black "Dambacher, Martijn"]
[Result "1/2-1/2"]
[WhiteElo "2336"]
[BlackElo "2466"]
[PlyCount "29"]
[EventDate "2007.05.25"]
[EventType "swiss"]
[EventRounds "7"]
[EventCountry "NED"]
[Source "P.Boonen"]
[SourceDate "2010.01.01"]

1. d4 Nf6 2. c4 e6 3. Nc3 d5 4. cxd5 exd5 5. Bg5 Be7 6. e3 O-O 7. Bd3 Nbd7 8.
Qc2 Re8 9. Nge2 Nf8 10. O-O a6 11. Rad1 Be6 12. Nf4 c6 13. Nxe6 fxe6 14. Na4
N6d7 15. Bxe7 1/2-1/2

[Event "ENCI Limburg-open A"]
[Site "Maastricht"]
[Date "2007.05.28"]
[Round "6"]
[White "Miedema, Roi"]
[Black "Dobrev, Nanko"]
[Result "1/2-1/2"]
[WhiteElo "2248"]
[BlackElo "2467"]
[PlyCount "128"]
[EventDate "2007.05.25"]
[EventType "swiss"]
[EventRounds "7"]
[EventCountry "NED"]
[Source "P.Boonen"]
[SourceDate "2010.01.01"]

1. d4 Nf6 2. c4 e6 3. Nc3 d5 4. cxd5 exd5 5. Bg5 c6 6. e3 Be7 7. Bd3 Bg4 8. Qc2
Bh5 9. Nf3 Nbd7 10. h3 Bg6 11. O-O Ne4 12. Bf4 Nxc3 13. Qxc3 Bxd3 14. Qxd3 O-O
15. b4 a6 16. Rab1 b5 17. Rfc1 Qb6 18. Qf5 Ra7 19. Bg5 Bd6 20. Bf4 g6 21. Qg5
Qc7 22. Bxd6 Qxd6 23. Qf4 Qxf4 24. exf4 Rc8 25. Ne5 Nb8 26. Rc3 f6 27. Ng4 Kf7
28. f5 gxf5 29. Ne3 f4 30. Nxd5 Rd8 31. Nxf4 Rxd4 32. Rf3 Re7 33. Nh5 Nd7 34.
Rc1 Rd6 35. Ra3 Re5 36. Nf4 Re4 37. Nd3 Rc4 38. Rcc3 Nb6 39. Nc5 Nd5 40. Rd3
Rxb4 41. Rxa6 Kg6 42. Ra8 Rc4 43. Rg3+ Kh6 44. Nb3 Nf4 45. Re3 Rc2 46. Rf3 Ne2+
47. Kh2 c5 48. Rc8 c4 49. Nc5 Kg6 50. Ne4 Re6 51. Nc5 Rb6 52. Nd7 Rd6 53. Rc7
f5 54. Nf8+ Kf6 55. Nxh7+ Ke5 56. Rc5+ Kd4 57. Rxb5 f4 58. Ra3 c3 59. Ng5 Kc4
60. Rba5 Rb2 61. Nf3 Kd3 62. Rc5 Rb1 63. Ng5 Kc2 64. Ne4 Rdd1 1/2-1/2

[Event "ENCI Limburg-open A"]
[Site "Maastricht"]
[Date "2007.05.28"]
[Round "6"]
[White "Mull, Thomas"]
[Black "Blijlevens, Pim"]
[Result "1/2-1/2"]
[WhiteElo "2042"]
[BlackElo "1913"]
[PlyCount "96"]
[EventDate "2007.05.25"]
[EventType "swiss"]
[EventRounds "7"]
[EventCountry "NED"]
[Source "P.Boonen"]
[SourceDate "2010.01.01"]

1. e4 c5 2. Nf3 Nc6 3. Bb5 g6 4. O-O Bg7 5. Bxc6 bxc6 6. Re1 e5 7. b3 d6 8. h3
Nf6 9. Bb2 Nh5 10. c3 Be6 11. d4 exd4 12. cxd4 O-O 13. Qd2 cxd4 14. Bxd4 Bxd4
15. Qxd4 d5 16. Nc3 dxe4 17. Nxe4 Qxd4 18. Nxd4 Bd5 19. Nc5 Rfe8 20. Nc2 Nf4
21. Ne3 Kg7 22. Nxd5 cxd5 23. Kf1 Ne6 24. b4 a5 25. Nxe6+ fxe6 26. b5 a4 27.
Red1 Rab8 28. Rab1 Rb6 29. Rd4 Reb8 30. Rxa4 Rxb5 31. Ra7+ Kf6 32. Re1 R8b7 33.
Ra6 R7b6 34. Rxb6 Rxb6 35. a4 Ra6 36. Ra1 Ke5 37. Ke2 Kd4 38. f4 Ke4 39. g3 Rb6
40. Ra3 d4 41. a5 Rb2+ 42. Kd1 d3 43. Kc1 Rc2+ 44. Kd1 Ke3 45. a6 Rc8 46. a7
Ra8 47. h4 h5 48. Ke1 Rc8 1/2-1/2

[Event "ENCI Limburg-open A"]
[Site "Maastricht"]
[Date "2007.05.28"]
[Round "6"]
[White "Nabuurs, Mart"]
[Black "Bus, Tom"]
[Result "0-1"]
[WhiteElo "2096"]
[BlackElo "2230"]
[PlyCount "68"]
[EventDate "2007.05.25"]
[EventType "swiss"]
[EventRounds "7"]
[EventCountry "NED"]
[Source "P.Boonen"]
[SourceDate "2010.01.01"]

1. e4 c5 2. Nc3 Nc6 3. g3 g6 4. Bg2 Bg7 5. d3 d6 6. Be3 h5 7. h3 e5 8. Qd2 Nge7
9. Nge2 Nd4 10. Nd1 d5 11. c3 Ne6 12. Qc2 d4 13. Bd2 h4 14. g4 Nc6 15. f4 exf4
16. Nxf4 Nxf4 17. Bxf4 Be5 18. O-O Qd6 19. Bg5 f6 20. Bd2 g5 21. a3 Be6 22. c4
a5 23. a4 O-O 24. b3 Bd7 25. Kh1 Kg7 26. Rb1 Ne7 27. Be1 Ng6 28. Kg1 Qe7 29.
Rf3 Bc7 30. Bf1 Ne5 31. Rf2 Qd6 32. Qe2 Rae8 33. Bd2 Bc6 34. Rf5 Nxd3 0-1

[Event "ENCI Limburg-open A"]
[Site "Maastricht"]
[Date "2007.05.28"]
[Round "6"]
[White "Nijs, Nils"]
[Black "Moors, Hans"]
[Result "1/2-1/2"]
[WhiteElo "1986"]
[BlackElo "2280"]
[PlyCount "96"]
[EventDate "2007.05.25"]
[EventType "swiss"]
[EventRounds "7"]
[EventCountry "NED"]
[Source "P.Boonen"]
[SourceDate "2010.01.01"]

1. d4 Nf6 2. c4 e6 3. Nc3 Bb4 4. Qc2 d5 5. a3 Bxc3+ 6. Qxc3 Ne4 7. Qc2 Nc6 8.
Nf3 Qf6 9. e3 a5 10. Bd3 Nd6 11. Nd2 Bd7 12. b3 a4 13. b4 dxc4 14. Nxc4 Nxc4
15. Bxc4 e5 16. dxe5 Qxe5 17. Bb2 Qg5 18. O-O O-O 19. Rad1 Rad8 20. Rd5 Qh6 21.
Rfd1 Bg4 22. Rxd8 Nxd8 23. Rd2 c6 24. Bd3 b5 25. Qc3 Be6 26. Be4 Bc4 27. Rd6 f6
28. Rd2 Qg5 29. Bd3 Bd5 30. f4 Qg4 31. e4 Bb3 32. g3 Qe6 33. Bc2 Bc4 34. f5 Qe7
35. e5 fxe5 36. Qxe5 Qxe5 37. Bxe5 Re8 38. Bb2 Bd5 39. Kf2 Nf7 40. Bd3 Nd6 41.
Re2 Rxe2+ 42. Kxe2 Bc4 43. Bxc4+ Nxc4 44. Bc1 Kf7 45. Kd3 Kf6 46. Kd4 Kxf5 47.
Kc5 Ne5 48. Bf4 Nc4 1/2-1/2

[Event "ENCI Limburg-open A"]
[Site "Maastricht"]
[Date "2007.05.28"]
[Round "6"]
[White "Ouwersloot, Hans"]
[Black "Dam, Hans"]
[Result "0-1"]
[WhiteElo "1949"]
[BlackElo "2066"]
[PlyCount "68"]
[EventDate "2007.05.25"]
[EventType "swiss"]
[EventRounds "7"]
[EventCountry "NED"]
[Source "P.Boonen"]
[SourceDate "2010.01.01"]

1. e4 e6 2. d4 d5 3. Nd2 Nf6 4. e5 Nfd7 5. Bd3 c5 6. c3 Nc6 7. Ne2 cxd4 8. cxd4
Qb6 9. Nf3 f6 10. exf6 Nxf6 11. O-O Bd6 12. Bg5 O-O 13. Nc3 Bd7 14. a3 Rae8 15.
Qd2 Ng4 16. Be2 Rxf3 17. Bxf3 Nxh2 18. Bh5 Nxf1 19. Rxf1 Rf8 20. Bg4 Nxd4 21.
Nxd5 Qc5 22. Be3 Qxd5 23. Qxd4 Qxd4 24. Bxd4 Rf4 25. Bxa7 Rxg4 26. Rd1 Bc6 27.
Rxd6 Bxg2 28. Rd4 Rg6 29. Rd8+ Kf7 30. Rd7+ Ke8 31. Rc7 Bd5+ 32. Kf1 Rg4 33.
Rc3 g6 34. Rh3 Bg2+ 0-1

[Event "ENCI Limburg-open A"]
[Site "Maastricht"]
[Date "2007.05.28"]
[Round "6"]
[White "Peek, Maurice"]
[Black "Nijboer, Friso"]
[Result "1/2-1/2"]
[WhiteElo "2365"]
[BlackElo "2606"]
[PlyCount "99"]
[EventDate "2007.05.25"]
[EventType "swiss"]
[EventRounds "7"]
[EventCountry "NED"]
[Source "P.Boonen"]
[SourceDate "2010.01.01"]

1. d4 f5 2. Nc3 Nf6 3. Bg5 d5 4. Bxf6 exf6 5. e3 Be6 6. h4 h5 7. Nh3 Nc6 8. Nf4
Bf7 9. Qf3 Ne7 10. O-O-O Qd7 11. Kb1 O-O-O 12. Rc1 Kb8 13. Nd1 g5 14. Nd3 Qe8
15. hxg5 fxg5 16. Ne5 Be6 17. c4 Bg7 18. Qg3 Bf6 19. c5 f4 20. exf4 Nf5 21. Qc3
gxf4 22. Bd3 Qa4 23. Ng6 Rh6 24. Nxf4 Nxd4 25. Nxe6 Nxe6 26. Qc2 Qxc2+ 27. Rxc2
Nf4 28. Bf1 d4 29. g3 Nd5 30. a3 h4 31. Bg2 c6 32. Rd2 Nc7 33. b4 Rhh8 34. gxh4
Bxh4 35. Rd3 a5 36. Rdh3 Bf6 37. Rxh8 Bxh8 38. Nb2 Nb5 39. Rh3 Bf6 40. Bf1 Nc3+
41. Kc2 axb4 42. axb4 Nd5 43. Nd3 Rg8 44. Be2 Rf8 45. Bf3 Nc7 46. Bg4 Bg5 47.
Kb3 Nd5 48. Rf3 Rxf3 49. Bxf3 Nf4 50. Nxf4 1/2-1/2

[Event "ENCI Limburg-open A"]
[Site "Maastricht"]
[Date "2007.05.28"]
[Round "6"]
[White "Peric, Mijo"]
[Black "Heinen, Igor"]
[Result "1/2-1/2"]
[WhiteElo "2006"]
[BlackElo "1921"]
[PlyCount "31"]
[EventDate "2007.05.25"]
[EventType "swiss"]
[EventRounds "7"]
[EventCountry "NED"]
[Source "P.Boonen"]
[SourceDate "2010.01.01"]

1. e4 c6 2. d4 d5 3. e5 Bf5 4. Nc3 e6 5. g4 Bg6 6. Nge2 h6 7. Nf4 Bh7 8. Be3
Nd7 9. Bg2 Ne7 10. h4 c5 11. Qd2 cxd4 12. Bxd4 Nc6 13. O-O-O Qa5 14. Bxd5 exd5
15. e6 fxe6 16. Nxe6 1/2-1/2

[Event "ENCI Limburg-open A"]
[Site "Maastricht"]
[Date "2007.05.28"]
[Round "6"]
[White "Pijpers, Arthur"]
[Black "Dek, Lennart"]
[Result "0-1"]
[WhiteElo "1835"]
[BlackElo "2196"]
[PlyCount "90"]
[EventDate "2007.05.25"]
[EventType "swiss"]
[EventRounds "7"]
[EventCountry "NED"]
[Source "P.Boonen"]
[SourceDate "2010.01.01"]

1. e4 c5 2. Nf3 Nc6 3. d4 cxd4 4. Nxd4 Nf6 5. Nc3 e5 6. Ndb5 d6 7. Bg5 a6 8.
Na3 b5 9. Bxf6 gxf6 10. Nd5 f5 11. c3 Bg7 12. exf5 Bxf5 13. Nc2 O-O 14. Nce3
Bg6 15. h4 Be4 16. Bd3 Bxd5 17. Nxd5 f5 18. Qh5 e4 19. Bc2 b4 20. Ba4 bxc3 21.
Bxc6 cxb2 22. Rb1 Rc8 23. Qg5 Qa5+ 24. Qd2 Qxd2+ 25. Kxd2 Rxc6 26. Ne7+ Kf7 27.
Nxc6 Rc8 28. Na5 Bc3+ 29. Ke3 Bxa5 30. Rxb2 Ke6 31. Rd1 d5 32. f3 Rc6 33. fxe4
fxe4 34. g4 Ke5 35. g5 d4+ 36. Ke2 d3+ 37. Ke3 Bb6+ 38. Kd2 Ba5+ 39. Ke3 Bc3
40. Rb7 Bd4+ 41. Kd2 Rc2+ 42. Ke1 Kf4 43. Rxh7 Re2+ 44. Kf1 Rf2+ 45. Ke1 Ke3
0-1

[Event "ENCI Limburg-open A"]
[Site "Maastricht"]
[Date "2007.05.28"]
[Round "6"]
[White "Renette, Hans"]
[Black "Arnelind, Mikael"]
[Result "1-0"]
[WhiteElo "2241"]
[BlackElo "2155"]
[PlyCount "133"]
[EventDate "2007.05.25"]
[EventType "swiss"]
[EventRounds "7"]
[EventCountry "NED"]
[Source "P.Boonen"]
[SourceDate "2010.01.01"]

1. d4 Nf6 2. Nf3 e6 3. g3 d5 4. Bg2 c5 5. O-O Nc6 6. c4 dxc4 7. Qa4 Qa5 8. Qxc4
cxd4 9. Nxd4 Nxd4 10. Qxd4 Bc5 11. Qc3 Bb4 12. Qc4 O-O 13. a3 Be7 14. Nc3 Rb8
15. Bf4 Ra8 16. Qc7 Qxc7 17. Bxc7 Ne8 18. Bf4 f6 19. Rac1 e5 20. Be3 f5 21.
Bd5+ Kh8 22. Nb5 Nf6 23. Bg2 Ng4 24. Bc5 Bxc5 25. Rxc5 e4 26. Rd1 b6 27. Rcc1
Nf6 28. f3 Bb7 29. Nd6 Ba6 30. fxe4 fxe4 31. Rc2 h6 32. Nxe4 Rae8 33. Nxf6 Rxf6
34. Bf3 Bb5 35. Rd4 Rfe6 36. Kf2 Rf8 37. Rcd2 Kh7 38. Rf4 Rfe8 39. a4 Bc6 40.
Bg4 R6e7 41. Rd6 Bb7 42. Bf5+ Kh8 43. Bd3 Be4 44. Bb5 Rc8 45. Rd7 Rxd7 46. Bxd7
Rc7 47. Bb5 Bg6 48. Rc4 Re7 49. Rd4 Bf5 50. g4 Be6 51. Bd3 Rd7 52. Ke3 g5 53.
h3 Rc7 54. Rd6 Re7 55. Kd4 Kg7 56. e4 h5 57. gxh5 Bxh3 58. Rg6+ Kh8 59. Rxg5
Kh7 60. Rg6 Rd7+ 61. Ke3 Re7 62. Rd6 Bg4 63. h6 Bf5 64. Kf4 Bg6 65. e5 Bxd3 66.
Rxd3 Kxh6 67. Rg3 1-0

[Event "ENCI Limburg-open A"]
[Site "Maastricht"]
[Date "2007.05.28"]
[Round "6"]
[White "Reyniers, Pieter"]
[Black "Caessens, Rob"]
[Result "1-0"]
[WhiteElo "2016"]
[BlackElo "2221"]
[PlyCount "85"]
[EventDate "2007.05.25"]
[EventType "swiss"]
[EventRounds "7"]
[EventCountry "NED"]
[Source "P.Boonen"]
[SourceDate "2010.01.01"]

1. e4 d6 2. Nc3 g6 3. g3 Bg7 4. Bg2 c5 5. d3 Nc6 6. Be3 e6 7. Qd2 Rb8 8. Nge2
Nge7 9. Bh6 Bf6 10. O-O a6 11. Rae1 Ng8 12. Be3 Nge7 13. Bh6 Ng8 14. Be3 Nd4
15. f4 Ne7 16. Nd1 O-O 17. c3 Nxe2+ 18. Qxe2 Bg7 19. g4 f5 20. gxf5 exf5 21. e5
b6 22. d4 dxe5 23. dxe5 Qc7 24. Qc4+ Kh8 25. b4 Bb7 26. Bxb7 Qxb7 27. bxc5 Rfc8
28. Bf2 Nd5 29. Nb2 b5 30. Qd4 Rxc5 31. c4 bxc4 32. Nxc4 Rxc4 33. Qxc4 Rc8 34.
Rb1 Qa8 35. Qd4 Bh6 36. Be3 Nc3 37. Rb2 Nb5 38. Qd2 Rd8 39. Qg2 Qxg2+ 40. Kxg2
Rd3 41. Rf3 Kg8 42. Rd2 Rxd2+ 43. Bxd2 1-0

[Event "ENCI Limburg-open A"]
[Site "Maastricht"]
[Date "2007.05.28"]
[Round "6"]
[White "Rogers, Ian"]
[Black "Butkiewicz, Lukasz"]
[Result "1-0"]
[WhiteElo "2513"]
[BlackElo "2252"]
[PlyCount "143"]
[EventDate "2007.05.25"]
[EventType "swiss"]
[EventRounds "7"]
[EventCountry "NED"]
[Source "P.Boonen"]
[SourceDate "2010.01.01"]

1. d4 f5 2. g3 Nf6 3. Bg2 e6 4. Nf3 d5 5. O-O Bd6 6. c4 c6 7. b3 Qe7 8. Nc3 O-O
9. Na4 Nbd7 10. Nb2 b6 11. Nd3 Bb7 12. Bf4 c5 13. Bxd6 Qxd6 14. dxc5 Nxc5 15.
Nxc5 bxc5 16. cxd5 exd5 17. Nh4 g6 18. Qc2 Rac8 19. Rfd1 Qe7 20. e3 Rfd8 21.
Qb2 Ne4 22. Rac1 Qg7 23. Qxg7+ Kxg7 24. Nf3 Kf6 25. Rc2 Ba6 26. Bf1 Bxf1 27.
Kxf1 Rb8 28. Ne1 c4 29. f3 Nd6 30. Rxd5 cxb3 31. axb3 Rxb3 32. Ke2 Ke6 33. Rd4
Ke7 34. g4 fxg4 35. Rxg4 Nf5 36. Re4+ Kf6 37. f4 a5 38. Nf3 Rdd3 39. Rc6+ Rd6
40. Rxd6+ Nxd6 41. Ra4 Rb5 42. e4 Ke7 43. Nd4 Rh5 44. Kf3 Rxh2 45. e5 Nf5 46.
Nxf5+ gxf5 47. Rxa5 h5 48. Ra7+ Ke8 49. Ra6 Rb2 50. Rf6 Rb3+ 51. Kf2 h4 52.
Rxf5 h3 53. Rh5 Kf7 54. f5 Kg7 55. f6+ Kg6 56. Rh8 Rb5 57. Re8 h2 58. Kg2 Rb2+
59. Kh1 Kf7 60. Rh8 Re2 61. Rh5 Kf8 62. Rg5 Rf2 63. Rg2 Rf5 64. Re2 Rh5 65. e6
Rf5 66. f7 Ke7 67. Kxh2 Rh5+ 68. Kg3 Rh1 69. Re5 Rg1+ 70. Kf4 Rf1+ 71. Kg5 Rf6
72. Rf5 1-0

[Event "ENCI Limburg-open A"]
[Site "Maastricht"]
[Date "2007.05.28"]
[Round "6"]
[White "Roggeveen, Pieter"]
[Black "Polak, Indra"]
[Result "0-1"]
[WhiteElo "2073"]
[BlackElo "2226"]
[PlyCount "74"]
[EventDate "2007.05.25"]
[EventType "swiss"]
[EventRounds "7"]
[EventCountry "NED"]
[Source "P.Boonen"]
[SourceDate "2010.01.01"]

1. c4 Nf6 2. Nc3 d5 3. cxd5 Nxd5 4. Nf3 g6 5. Qa4+ Bd7 6. Qh4 Nxc3 7. bxc3 Bg7
8. Rb1 b6 9. d4 h6 10. Qg3 Bf5 11. Rb5 c5 12. Bf4 a6 13. Rb3 cxd4 14. Be5 dxc3
15. Rxc3 O-O 16. e4 Be6 17. Nd4 Bxe5 18. Qxe5 Nd7 19. Qf4 Nc5 20. Nf5 Bxf5 21.
exf5 g5 22. Qg4 Qd5 23. Be2 Ne4 24. Rd3 Qa5+ 25. Kf1 Nf6 26. Qf3 Rac8 27. g4
Rc1+ 28. Kg2 Rxh1 29. Kxh1 Rc8 30. Kg2 Qc5 31. h3 Kg7 32. Ra3 a5 33. Rb3 Nd5
34. Bb5 Nf4+ 35. Kh2 Qd6 36. Rb1 Qe5 37. a4 Rc3 0-1

[Event "ENCI Limburg-open A"]
[Site "Maastricht"]
[Date "2007.05.28"]
[Round "6"]
[White "Saligo, Luc"]
[Black "Fernandez, Daniel"]
[Result "0-1"]
[WhiteElo "2135"]
[BlackElo "1975"]
[PlyCount "100"]
[EventDate "2007.05.25"]
[EventType "swiss"]
[EventRounds "7"]
[EventCountry "NED"]
[Source "P.Boonen"]
[SourceDate "2010.01.01"]

1. d4 Nf6 2. Nf3 c5 3. c3 d5 4. Bf4 Nc6 5. e3 g6 6. h3 Bg7 7. Nbd2 cxd4 8. exd4
O-O 9. Be2 Nh5 10. Bh2 f5 11. Ne5 Nxe5 12. dxe5 f4 13. Bxh5 gxh5 14. Nf3 Qb6
15. Qd2 Qg6 16. O-O-O Be6 17. h4 d4 18. Qxd4 Bxa2 19. Qd3 Qf7 20. Ng5 Qf5 21.
Rhe1 e6 22. Kc2 Bd5 23. Re2 Qxd3+ 24. Kxd3 Bb3 25. Rdd2 Rad8+ 26. Ke4 Bd5+ 27.
Rxd5 exd5+ 28. Kf3 Rde8 29. e6 Rf6 30. e7 h6 31. Nh3 Kf7 32. Nxf4 Rxe7 33. Rd2
Re5 34. Kg3 Rff5 35. Nd3 Re6 36. Kh3 d4 37. cxd4 Bxd4 38. Bf4 Rb6 39. f3 Rxf4
40. Nxf4 Be3 41. Rd5 Bxf4 42. Rf5+ Rf6 43. Rxh5 Bc1 44. Rc5 Rc6 45. Rf5+ Kg7
46. Ra5 Ra6 47. Rb5 Rb6 48. Ra5 a6 49. Rc5 Bxb2 50. f4 Rb5 0-1

[Event "ENCI Limburg-open A"]
[Site "Maastricht"]
[Date "2007.05.28"]
[Round "6"]
[White "Schaeken, Yordi"]
[Black "Zilverberg, Jasper"]
[Result "1/2-1/2"]
[WhiteElo "1876"]
[BlackElo "2013"]
[PlyCount "87"]
[EventDate "2007.05.25"]
[EventType "swiss"]
[EventRounds "7"]
[EventCountry "NED"]
[Source "P.Boonen"]
[SourceDate "2010.01.01"]

1. e4 Nf6 2. e5 Nd5 3. d4 d6 4. c4 Nb6 5. f4 dxe5 6. fxe5 c5 7. d5 e6 8. Nc3
exd5 9. cxd5 c4 10. Be3 Bb4 11. Qd4 Qxd5 12. O-O-O Qxd4 13. Bxd4 O-O 14. Bxb6
Bxc3 15. Bc5 Bxe5 16. Bxf8 Bf4+ 17. Kb1 Bf5+ 18. Ka1 Kxf8 19. Bxc4 Bg5 20. Ne2
Nc6 21. Rhf1 Bg6 22. Nf4 Ne5 23. Nxg6+ hxg6 24. Bb3 a5 25. Rd5 Bf6 26. a4 b6
27. h3 Rb8 28. g4 g5 29. Rf5 Nc6 30. Ba2 Ne7 31. Rxg5 Nxd5 32. Rxd5 Rc8 33. Kb1
Re8 34. Rd7 Re1+ 35. Kc2 Re2+ 36. Rd2 Re3 37. Rd3 Re2+ 38. Rd2 Re4 39. Bb3 Ke8
40. Bd5 Rb4 41. b3 Ke7 42. Bc4 b5 43. Bxb5 Rd4 44. Rxd4 1/2-1/2

[Event "ENCI Limburg-open A"]
[Site "Maastricht"]
[Date "2007.05.28"]
[Round "6"]
[White "Schilperoort, Jeroen"]
[Black "Wislez, Franscis"]
[Result "1/2-1/2"]
[WhiteElo "1946"]
[BlackElo "2083"]
[PlyCount "21"]
[EventDate "2007.05.25"]
[EventType "swiss"]
[EventRounds "7"]
[EventCountry "NED"]
[Source "P.Boonen"]
[SourceDate "2010.01.01"]

1. e4 c5 2. Nc3 g6 3. f4 d6 4. Nf3 Bg7 5. Bc4 e6 6. O-O Ne7 7. a4 O-O 8. Qe2
Nbc6 9. d3 d5 10. Ba2 Nd4 11. Nxd4 1/2-1/2

[Event "ENCI Limburg-open A"]
[Site "Maastricht"]
[Date "2007.05.28"]
[Round "6"]
[White "Scholzen, Wolfgang"]
[Black "Morren, Eric Jan"]
[Result "1/2-1/2"]
[WhiteElo "2001"]
[BlackElo "1801"]
[PlyCount "54"]
[EventDate "2007.05.25"]
[EventType "swiss"]
[EventRounds "7"]
[EventCountry "NED"]
[Source "P.Boonen"]
[SourceDate "2010.01.01"]

1. e4 e6 2. d4 d5 3. Nc3 Nf6 4. Bg5 Be7 5. e5 Nfd7 6. h4 h6 7. Bxe7 Qxe7 8. Qg4
O-O 9. Rh3 f6 10. f4 a6 11. Bd3 f5 12. Qg6 Qf7 13. Qxf7+ Rxf7 14. Nf3 c5 15.
Na4 c4 16. Be2 b5 17. Nc3 Nb6 18. a3 Nc6 19. Kd2 Bd7 20. Rhh1 Be8 21. Ke3 Rb7
22. b4 Bh5 23. Rhb1 Be8 24. Nh2 h5 25. Nf3 Nd8 26. Kd2 Nf7 27. Nd1 g6 1/2-1/2

[Event "ENCI Limburg-open A"]
[Site "Maastricht"]
[Date "2007.05.28"]
[Round "6"]
[White "Schut, Lisa"]
[Black "Vanwersch, Sander"]
[Result "0-1"]
[WhiteElo "1918"]
[BlackElo "2126"]
[PlyCount "146"]
[EventDate "2007.05.25"]
[EventType "swiss"]
[EventRounds "7"]
[EventCountry "NED"]
[Source "P.Boonen"]
[SourceDate "2010.01.01"]

1. e4 c5 2. Nf3 e6 3. d4 cxd4 4. Nxd4 Nf6 5. Nc3 Nc6 6. Ndb5 Bb4 7. a3 Bxc3+ 8.
Nxc3 d5 9. exd5 exd5 10. Bd3 O-O 11. O-O d4 12. Ne2 h6 13. b4 Bg4 14. Bb2 Re8
15. f3 Bh5 16. Nf4 Qd6 17. Nxh5 Nxh5 18. Kh1 Rad8 19. Qd2 Nf4 20. Rad1 Nxd3 21.
Qxd3 Re3 22. Qd2 Rde8 23. b5 Re2 24. Qd3 R8e3 25. Qf5 Ne7 26. Qh3 d3 27. Qg4
Qg6 28. Bc1 Qxg4 29. fxg4 Re4 30. b6 axb6 31. Rxd3 Rxc2 32. Rd8+ Kh7 33. Rd2
Rxd2 34. Bxd2 Kg6 35. h3 Re2 36. Bb4 Nd5 37. Rf5 Nf6 38. Rb5 Re6 39. Bc3 Rd6
40. a4 Nd7 41. Kh2 Rd3 42. Be1 Rd6 43. Bf2 f6 44. h4 Kf7 45. a5 bxa5 46. Rxb7
Kg6 47. Ra7 Ne5 48. Rxa5 Nxg4+ 49. Kg3 h5 50. Ra3 Ne5 51. Be3 Kf5 52. Kf2 Rc6
53. Bd4 Rc4 54. Bxe5 fxe5 55. Ra7 g6 56. g3 Rc2+ 57. Kf3 e4+ 58. Ke3 Rc3+ 59.
Kf2 Rf3+ 60. Kg2 Kg4 61. Ra4 Rxg3+ 62. Kh2 Kxh4 63. Rxe4+ Rg4 64. Re3 Ra4 65.
Re2 g5 66. Kg2 Kg4 67. Kh2 h4 68. Rg2+ Kh5 69. Rd2 Ra5 70. Rc2 g4 71. Rc8 Ra2+
72. Kh1 Ra1+ 73. Kh2 Kg5 0-1

[Event "ENCI Limburg-open A"]
[Site "Maastricht"]
[Date "2007.05.28"]
[Round "6"]
[White "Seip, Rien"]
[Black "Nelissen, Andy"]
[Result "0-1"]
[WhiteElo "2093"]
[BlackElo "1937"]
[PlyCount "50"]
[EventDate "2007.05.25"]
[EventType "swiss"]
[EventRounds "7"]
[EventCountry "NED"]
[Source "P.Boonen"]
[SourceDate "2010.01.01"]

1. d4 d5 2. c4 c6 3. Nc3 dxc4 4. e3 b5 5. a4 b4 6. Nb1 Bf5 7. Bxc4 e6 8. Nd2
Nf6 9. Qe2 Be7 10. e4 Bg6 11. Ngf3 O-O 12. Bd3 Nbd7 13. Nb3 c5 14. dxc5 Nxc5
15. Nxc5 Bxc5 16. Bg5 Qb6 17. Ne5 b3 18. Kf1 Qb7 19. Nxg6 fxg6 20. h3 Bxf2 21.
e5 Nh5 22. Qxf2 Rxf2+ 23. Kxf2 Rf8+ 24. Kg1 Ng3 25. Rh2 Qb6+ 0-1

[Event "ENCI Limburg-open A"]
[Site "Maastricht"]
[Date "2007.05.28"]
[Round "6"]
[White "Simenon, Jozef"]
[Black "Van der Zwet, Bart"]
[Result "1-0"]
[WhiteElo "2173"]
[BlackElo "2000"]
[PlyCount "31"]
[EventDate "2007.05.25"]
[EventType "swiss"]
[EventRounds "7"]
[EventCountry "NED"]
[Source "P.Boonen"]
[SourceDate "2010.01.01"]

1. c4 e5 2. Nc3 Nc6 3. g3 g6 4. Bg2 Bg7 5. Rb1 b6 6. b4 Bb7 7. d3 h6 8. e3 Qc8
9. Nd5 Nce7 10. Ne2 c6 11. Nxe7 Nxe7 12. O-O O-O 13. d4 d5 14. cxd5 Nxd5 15.
dxe5 Nxb4 16. Rxb4 1-0

[Event "ENCI Limburg-open A"]
[Site "Maastricht"]
[Date "2007.05.28"]
[Round "6"]
[White "Skrijelj, Redzep"]
[Black "Van der Berg, Bram"]
[Result "0-1"]
[WhiteElo "2006"]
[BlackElo "2196"]
[PlyCount "86"]
[EventDate "2007.05.25"]
[EventType "swiss"]
[EventRounds "7"]
[EventCountry "NED"]
[Source "P.Boonen"]
[SourceDate "2010.01.01"]

1. d4 d5 2. c4 c6 3. Nc3 dxc4 4. a4 e5 5. d5 Bb4 6. dxc6 Qxd1+ 7. Kxd1 Nxc6 8.
Nd5 Ba5 9. e4 Be6 10. Bxc4 O-O-O 11. Ke2 Nf6 12. Nf3 Nxd5 13. exd5 Bxd5 14.
Bxd5 Rxd5 15. Be3 Rhd8 16. Rac1 Kb8 17. Rc4 f5 18. g3 h6 19. Nh4 e4 20. Ng6 Bd2
21. Nf4 R5d6 22. Rd1 Bxe3 23. Rxd6 Rxd6 24. fxe3 b6 25. Nh5 g6 26. Nf4 Kb7 27.
h3 Ne5 28. Rc2 Nd3 29. h4 g5 30. Ng2 Rc6 31. Kd2 Rxc2+ 32. Kxc2 Kc6 33. hxg5
hxg5 34. Kc3 Kd5 35. b3 Kc5 36. b4+ Nxb4 37. Ne1 Nd5+ 38. Kd2 Kb4 39. Nc2+ Kxa4
40. Nd4 Ne7 41. Ne6 g4 42. Kc3 b5 43. Nc5+ Ka3 0-1